[Event "SR 3. liga A2 2011/2012"]
[Site "?"]
[Date "2011.11.13"]
[Round "3.5"]
[White "Strakac, Petr"]
[Black "Kovacocy, Pavel"]
[Result "1-0"]
[WhiteElo "2100"]
[BlackElo "2231"]
[PlyCount "103"]
[EventDate "2011.??.??"]

1. e4 c5 2. Nc3 g6 3. g3 Bg7 4. Bg2 Nc6 5. Nf3 d6 6. O-O Rb8 7. d3 e6 8. Bf4 b5
9. Rb1 b4 10. Ne2 Nd4 11. Nexd4 cxd4 12. e5 Bb7 13. Re1 Bxf3 14. Bxf3 g5 15.
Bc6+ Kf8 16. Bd2 dxe5 17. a3 bxa3 18. bxa3 Bf6 19. c4 Ne7 20. Be4 Kg7 21. Qa4
Qc7 22. Rb4 Nc8 23. Reb1 Nb6 24. Qa5 Rbc8 25. Rb5 Rhe8 26. Qa6 Re7 27. Ba5 Qd7
28. Bxb6 axb6 29. Rxb6 Rc5 30. R1b5 Qc8 31. Qa4 Rxb5 32. Rxb5 Rc7 33. Qb3 Qa6
34. a4 Ra7 35. a5 Bd8 36. Bb7 Qd6 37. a6 h5 38. Qb4 Qc7 39. Qc5 Qxc5 40. Rxc5
f6 41. Rc8 Be7 42. c5 f5 43. c6 e4 44. c7 exd3 45. Rg8+ Kxg8 46. c8=Q+ Kf7 47.
Qh8 Bc5 48. Kf1 Bb6 49. Qxh5+ Kf6 50. Qd1 e5 51. Qxd3 e4 52. Qb5 1-0

[Event "SR 3. liga A2 2011/2012"]
[Site "?"]
[Date "2011.11.13"]
[Round "3.5"]
[White "Liptak, Tomas"]
[Black "Brisudova, Veronika"]
[Result "1-0"]
[WhiteElo "2103"]
[BlackElo "1864"]
[PlyCount "51"]
[EventDate "2011.??.??"]

1. e4 c5 2. d3 d6 3. f4 e6 4. Nf3 Be7 5. g3 Nc6 6. c3 Nf6 7. Bg2 O-O 8. O-O Qc7
9. Na3 a6 10. Nc2 Bd7 11. h3 Rac8 12. g4 b5 13. Nh2 b4 14. c4 Ne8 15. f5 exf5
16. exf5 Bf6 17. g5 Bd4+ 18. Kh1 Ne7 19. Nxd4 cxd4 20. Be4 Qc5 21. Qf3 d5 22.
cxd5 Nd6 23. f6 Nef5 24. fxg7 Rfe8 25. Ng4 Kxg7 26. Nf6 1-0

[Event "SR 3. liga A2 2011/2012"]
[Site "?"]
[Date "2011.11.13"]
[Round "3.5"]
[White "Londin, Martin"]
[Black "Liptak, Dusan"]
[Result "1/2-1/2"]
[WhiteElo "1961"]
[BlackElo "2075"]
[PlyCount "23"]
[EventDate "2011.??.??"]

1. e4 c5 2. Nf3 d6 3. c3 Nf6 4. d3 Bg4 5. Be2 Nc6 6. Nh4 Qd7 7. f3 Be6 8. f4
Bg4 9. O-O O-O-O 10. Bxg4 Nxg4 11. Na3 e6 12. Nf3 1/2-1/2

[Event "SR 3. liga A2 2011/2012"]
[Site "?"]
[Date "2011.11.13"]
[Round "3.5"]
[White "Cechovic, Stefan"]
[Black "Hrubsa, Marian"]
[Result "1-0"]
[WhiteElo "2159"]
[BlackElo "1929"]
[PlyCount "51"]
[EventDate "2011.??.??"]

1. Nf3 d5 2. b3 Bf5 3. Bb2 e6 4. e3 Nf6 5. Be2 Nbd7 6. Nh4 Bg6 7. Nxg6 hxg6 8.
d3 Bd6 9. h3 c6 10. Nd2 Qc7 11. a3 c5 12. c4 a5 13. cxd5 exd5 14. Rc1 b6 15. d4
O-O 16. O-O Rfe8 17. Bb5 Re7 18. Nf3 Ne4 19. dxc5 bxc5 20. Qxd5 Nb6 21. Qd1 Rd8
22. Qc2 Nd5 23. Bd3 Nxf2 24. Rxf2 Nxe3 25. Qc3 Nd5 26. Qxg7# 1-0

[Event "SR 3. liga A2 2011/2012"]
[Site "?"]
[Date "2011.11.13"]
[Round "3.5"]
[White "Vogl, Zdenek"]
[Black "Sarmir, Milos"]
[Result "1/2-1/2"]
[WhiteElo "1928"]
[BlackElo "2048"]
[PlyCount "148"]
[EventDate "2011.??.??"]

1. e4 e5 2. Nf3 Nc6 3. Bb5 a6 4. Ba4 Nf6 5. O-O Be7 6. Re1 b5 7. Bb3 d6 8. h3
O-O 9. c3 Na5 10. Bc2 c5 11. b4 Nc6 12. a4 Bd7 13. bxc5 dxc5 14. d4 Qc7 15. Bg5
b4 16. Bxf6 Bxf6 17. dxc5 bxc3 18. Nxc3 Nb4 19. Nd5 Nxd5 20. Qxd5 Be6 21. Qd6
Rfc8 22. Rec1 Qxc5 23. Qxc5 Rxc5 24. Bd3 Ra5 25. Bc4 Bd7 26. Bd5 Rd8 27. Rc7
Rxd5 28. exd5 e4 29. Re1 Bxa4 30. Rxe4 Bb5 31. Rc5 Kf8 32. g4 Be7 33. Rc7 Bd6
34. Rc1 a5 35. Nd4 Bd3 36. Ree1 a4 37. Nf5 Bb4 38. Red1 Bxf5 39. gxf5 Bd6 40.
Rc6 Ke7 41. Ra6 a3 42. Rd3 Rd7 43. Re3+ Kf6 44. Rexa3 Kxf5 45. Ra7 Rd8 46. Rf3+
Ke4 47. Rfxf7 Be5 48. Rfd7 Rf8 49. Ra4+ Kf5 50. Ra3 Rb8 51. Rf3+ Kg6 52. Re7
Bf6 53. Rd7 Rb1+ 54. Kg2 Rd1 55. Re3 Kf5 56. Kf3 Rd2 57. Re8 Rd3+ 58. Re3 Rd2
59. Re2 Rd3+ 60. Kg2 Rd1 61. f3 Rd3 62. Kg3 Rd1 63. Re4 Rd2 64. Re8 h5 65. h4
Rd4 66. Rf8 Kg6 67. Kf2 Bxh4+ 68. Ke3 Rd1 69. Ke4 Bf6 70. Rh8 h4 71. f4 Re1+
72. Kf3 Rf1+ 73. Kg4 Rg1+ 74. Kf3 Rf1+ 1/2-1/2

[Event "SR 3. liga A2 2011/2012"]
[Site "?"]
[Date "2011.11.13"]
[Round "3.5"]
[White "Vagovsky, Jozef"]
[Black "Planka, Peter"]
[Result "1/2-1/2"]
[WhiteElo "1991"]
[BlackElo "1831"]
[PlyCount "43"]
[EventDate "2011.??.??"]

1. d4 Nf6 2. c4 e6 3. Nc3 Bb4 4. Qc2 Bxc3+ 5. Qxc3 d5 6. Bg5 Nbd7 7. cxd5 exd5
8. e3 O-O 9. Bd3 c6 10. Nf3 h6 11. Bh4 Qe8 12. Nd2 Qe6 13. O-O Kh8 14. Rfe1 Ne4
15. Nxe4 dxe4 16. Bc4 Qg6 17. a4 Nb6 18. Bf1 Nd5 19. Qc5 Re8 20. Rec1 a5 21.
Bg3 Be6 22. Qc2 1/2-1/2

[Event "SR 3. liga A2 2011/2012"]
[Site "?"]
[Date "2011.11.13"]
[Round "3.5"]
[White "Berger, Patrik"]
[Black "Vlkovic, Pavol"]
[Result "1-0"]
[WhiteElo "1731"]
[BlackElo "1838"]
[PlyCount "95"]
[EventDate "2011.??.??"]

1. e4 Nf6 2. e5 Nd5 3. d4 d6 4. Nf3 dxe5 5. Nxe5 c6 6. Be2 Bf5 7. O-O e6 8. Nf3
Be7 9. Bd2 O-O 10. c4 Nb6 11. Ba5 Qc8 12. Bd3 Bxd3 13. Qxd3 N8d7 14. Nc3 Qb8
15. Rfe1 Nc8 16. Ne4 h6 17. Rad1 Nd6 18. Bb4 Rd8 19. Ng3 Nf5 20. Bxe7 Nxe7 21.
Qc3 Ng6 22. b4 Nf6 23. Ne5 Ne7 24. a4 Nd7 25. Ne4 Nxe5 26. dxe5 Qc7 27. Nd6 Ng6
28. g3 c5 29. b5 b6 30. f4 Ne7 31. Qf3 Rab8 32. Rd2 Nf5 33. Qc6 Qe7 34. Nxf5
exf5 35. Red1 Rxd2 36. Rxd2 Rd8 37. Rd5 Kf8 38. Kf2 f6 39. e6 Re8 40. Rd6 g6
41. Qd7 g5 42. h3 h5 43. Qc6 gxf4 44. gxf4 h4 45. Rd7 Qxe6 46. Qxe6 Rxe6 47.
Rxa7 Re4 48. a5 1-0

[Event "SR 3. liga A2 2011/2012"]
[Site "?"]
[Date "2011.11.13"]
[Round "3.5"]
[White "Hornak, Pavol"]
[Black "Danihel, Jozef"]
[Result "1-0"]
[WhiteElo "1778"]
[BlackElo "1546"]
[PlyCount "177"]
[EventDate "2011.??.??"]

1. d4 d5 2. c4 Nf6 3. Nf3 e6 4. g3 Be7 5. Bg2 O-O 6. Nbd2 c5 7. cxd5 exd5 8.
dxc5 Bxc5 9. Nb3 Bb6 10. O-O Nc6 11. e3 h6 12. a3 Be6 13. Nfd4 Nxd4 14. Nxd4
Bxd4 15. Qxd4 b6 16. Bd2 Rc8 17. Rac1 Qd7 18. Bc3 Rc4 19. Qd1 Rfc8 20. f3 Bh3
21. Qd2 Bxg2 22. Kxg2 Nh7 23. Rfd1 Rd8 24. b3 Rc6 25. Bd4 Rxc1 26. Rxc1 Rc8 27.
Rxc8+ Qxc8 28. Qc3 Qxc3 29. Bxc3 Ng5 30. h4 Ne6 31. b4 b5 32. Kf2 f5 33. g4 g6
34. gxf5 gxf5 35. e4 d4 36. Bd2 f4 37. Kg2 h5 38. Kf2 Kf7 39. Ke2 Kf6 40. Kd3
Ke5 41. Be1 Nd8 42. Bf2 Nf7 43. Bxd4+ Ke6 44. Bxa7 Ne5+ 45. Ke2 Ng6 46. Bf2 Ke5
47. Kd3 Ne7 48. Kc3 Nc6 49. Bb6 Kd6 50. Bd4 Ke6 51. Kd3 Ne7 52. Bg7 Ng6 53. Bh6
Nxh4 54. Bxf4 Nxf3 55. Ke2 Ne5 56. Bc1 h4 57. Kf1 Nc4 58. Kg2 Ke5 59. Kf3 h3
60. Bf4+ Kd4 61. Bc1 Nd6 62. Be3+ Kc3 63. e5 Ne8 64. Kg3 Kb3 65. Kxh3 Kxa3 66.
Bc5 Kb3 67. Kg4 Kc4 68. Kf5 Kd5 69. Be7 Nc7 70. Bf8 Ne6 71. Bd6 Nd4+ 72. Kf6
Ne6 73. Ke7 Nd4 74. Kd7 Ne6 75. Ke7 Nd4 76. Kf6 Ne6 77. Bc5 Nc7 78. Bd6 Ne6 79.
Kf7 Nd4 80. Bb8 Ne6 81. Ke7 Nd4 82. Kd7 Ne6 83. Bd6 Nd4 84. Kc7 Ne6+ 85. Kb7
Nd4 86. Kb6 Ke6 87. Kc5 Nf5 88. Kxb5 Kd7 89. Kc5 1-0

[Event "SR 3. liga A2 2011/2012"]
[Site "?"]
[Date "2011.11.13"]
[Round "3.6"]
[White "Sebesta, Radovan"]
[Black "Janko, Michal"]
[Result "0-1"]
[WhiteElo "2069"]
[BlackElo "2271"]
[PlyCount "108"]
[EventDate "2011.??.??"]

1. d4 d6 2. Nf3 Bg4 3. c4 Nd7 4. Nc3 e5 5. dxe5 dxe5 6. e4 c6 7. Be2 Ngf6 8.
O-O Bxf3 9. Bxf3 Bc5 10. Qc2 O-O 11. a3 a5 12. b3 Qe7 13. Bb2 Bd4 14. Rfd1 Rfd8
15. Na4 Bxb2 16. Qxb2 Nc5 17. Nxc5 Qxc5 18. Rac1 h6 19. h4 Ne8 20. g3 Nc7 21.
Bg4 Na6 22. Kg2 Qe7 23. Bf3 Nc5 24. Qc3 Rd4 25. Rxd4 exd4 26. Qc2 d3 27. Qc3
Nxe4 28. Qxd3 Qxa3 29. Re1 Nf6 30. Qc3 Qb4 31. Qxb4 axb4 32. Re7 Rb8 33. g4 Kf8
34. Re5 Ra8 35. g5 hxg5 36. hxg5 Nd7 37. Re3 Re8 38. Rd3 Nc5 39. Rd1 Re5 40.
Rd8+ Ke7 41. Rb8 Rxg5+ 42. Kf1 Re5 43. Bg4 f5 44. Bh5 Kd6 45. Bd1 Re7 46. Rf8
g6 47. Bc2 Ke5 48. Rg8 Re6 49. Rd8 Rd6 50. f4+ Ke6 51. Re8+ Kf7 52. Re5 Ne6 53.
Ra5 Nxf4 54. Bxf5 gxf5 0-1

[Event "SR 3. liga A2 2011/2012"]
[Site "?"]
[Date "2011.11.13"]
[Round "3.6"]
[White "Janko, Ladislav"]
[Black "Palka, Miroslav"]
[Result "1-0"]
[WhiteElo "2229"]
[BlackElo "1953"]
[PlyCount "55"]
[EventDate "2011.??.??"]

1. e4 c5 2. Nf3 d6 3. c3 g6 4. Bd3 Bg7 5. Bc2 Nf6 6. O-O O-O 7. h3 Nc6 8. d4 e5
9. dxc5 dxc5 10. Qe2 Qe7 11. Nbd2 Be6 12. Nc4 Nh5 13. Ba4 Nf4 14. Bxf4 exf4 15.
Bxc6 bxc6 16. Nfd2 Qg5 17. Kh2 Rab8 18. Rfe1 Rfd8 19. Rad1 Rb7 20. Nf3 Qe7 21.
Rxd8+ Qxd8 22. Nfd2 Rd7 23. Nf3 Rd3 24. Ncd2 c4 25. e5 g5 26. Nd4 Rxd2 27. Qxd2
Bd5 28. Nxc6 1-0

[Event "SR 3. liga A2 2011/2012"]
[Site "?"]
[Date "2011.11.13"]
[Round "3.6"]
[White "Lanik, Miroslav"]
[Black "Sulek, Viliam"]
[Result "1/2-1/2"]
[WhiteElo "1936"]
[BlackElo "2135"]
[PlyCount "42"]
[EventDate "2011.??.??"]

1. e4 c5 2. Nf3 Nc6 3. d4 cxd4 4. Nxd4 Nf6 5. Nc3 e5 6. Ndb5 d6 7. Bg5 a6 8.
Na3 b5 9. Bxf6 gxf6 10. Nd5 Bg7 11. c3 Ne7 12. Nc2 O-O 13. Nce3 Nxd5 14. Nxd5
f5 15. exf5 Bxf5 16. Bd3 e4 17. Bc2 Kh8 18. O-O Bg6 19. Nf4 Be5 20. Nxg6+ fxg6
21. Bxe4 Qh4 1/2-1/2

[Event "SR 3. liga A2 2011/2012"]
[Site "?"]
[Date "2011.11.13"]
[Round "3.6"]
[White "Dvorsky, Jozef"]
[Black "Palka, Martin"]
[Result "1/2-1/2"]
[WhiteElo "2031"]
[BlackElo "1876"]
[PlyCount "37"]
[EventDate "2011.??.??"]

1. e4 c5 2. Nf3 d6 3. c4 Bg4 4. d4 cxd4 5. Qxd4 Nc6 6. Qd1 g6 7. Be2 Bg7 8. Nc3
Nf6 9. Be3 Qa5 10. Qd2 O-O 11. O-O Nd7 12. Rac1 Nc5 13. h3 Bxf3 14. gxf3 Ne6
15. Rfd1 Kh8 16. f4 Ned4 17. Nd5 Nxe2+ 18. Qxe2 Qxa2 19. Ra1 1/2-1/2

[Event "SR 3. liga A2 2011/2012"]
[Site "?"]
[Date "2011.11.13"]
[Round "3.6"]
[White "Gasa, Patrik"]
[Black "Puobis, Jozef"]
[Result "1-0"]
[WhiteElo "1727"]
[BlackElo "1953"]
[PlyCount "55"]
[EventDate "2011.??.??"]

1. d4 d5 2. c4 Nc6 3. Nc3 e6 4. Nf3 Nf6 5. Bg5 Be7 6. e3 h6 7. Bh4 O-O 8. Bd3
Re8 9. O-O Nb4 10. cxd5 Nxd3 11. dxe6 Nb4 12. exf7+ Kxf7 13. Qb3+ Kg6 14. Ne5+
Kh7 15. Bxf6 Bxf6 16. Qxb4 Bxe5 17. dxe5 Rxe5 18. Rad1 Qf6 19. Rd5 a5 20. Qd4
Rf5 21. Qxf6 Rxf6 22. Rd8 Rg6 23. g3 Rb6 24. b3 Rc6 25. Nd5 Rd6 26. Rxd6 cxd6
27. Nb6 Rb8 28. Rd1 1-0

[Event "SR 3. liga A2 2011/2012"]
[Site "?"]
[Date "2011.11.13"]
[Round "3.6"]
[White "Kosar, Mikulas ml"]
[Black "Skapikova, Lubica"]
[Result "0-1"]
[WhiteElo "1900"]
[BlackElo "1867"]
[PlyCount "60"]
[EventDate "2011.??.??"]

1. e4 e5 2. Nf3 Nc6 3. d4 exd4 4. Bc4 d6 5. Nxd4 Nf6 6. O-O Be7 7. Re1 O-O 8.
Nc3 Ne5 9. Bb3 c5 10. Nf5 Bxf5 11. exf5 c4 12. f4 Neg4 13. Qe2 cxb3 14. Qb5
bxc2 15. h3 Nh6 16. g4 Nfxg4 17. hxg4 Nxg4 18. Re2 Bh4 19. Qxb7 Re8 20. Qf3
Rxe2 21. Qxe2 Bf2+ 22. Kf1 Qh4 23. Qe4 Rd8 24. Bd2 Bc5 25. Be1 Qh3+ 26. Ke2 Nf6
27. Qxc2 Re8+ 28. Kd1 Qf3+ 29. Ne2 Nd5 30. Qd2 Nxf4 0-1

[Event "SR 3. liga A2 2011/2012"]
[Site "?"]
[Date "2011.11.13"]
[Round "3.6"]
[White "Zisek, Jaroslav"]
[Black "Kosar, Attila"]
[Result "1-0"]
[WhiteElo "1860"]
[BlackElo "1893"]
[PlyCount "105"]
[EventDate "2011.??.??"]

1. c4 e5 2. Nc3 Nf6 3. Nf3 Nc6 4. d3 Bb4 5. Bd2 d5 6. cxd5 Nxd5 7. e3 Bg4 8.
Be2 O-O 9. O-O Nf6 10. h3 Bxf3 11. gxf3 Qd7 12. Kh2 Bd6 13. Ne4 Nxe4 14. dxe4
Rad8 15. Qc2 f5 16. exf5 Rxf5 17. Qc4+ Kh8 18. Qg4 Rf6 19. Rg1 Qxg4 20. Rxg4
Rg6 21. Rxg6 hxg6 22. Kg2 Bb4 23. Bxb4 Nxb4 24. a3 Nc6 25. Rd1 Rxd1 26. Bxd1
Kg8 27. Kg3 Kf7 28. f4 Kf6 29. Kg4 exf4 30. Kxf4 Ne7 31. h4 Nf5 32. Kg4 Nd6 33.
Be2 a5 34. Bd3 Nf7 35. f4 Nh6+ 36. Kf3 Ng8 37. e4 Ne7 38. Kg4 b6 39. e5+ Kf7
40. Kg5 Kf8 41. Bxg6 b5 42. Bd3 b4 43. a4 Nd5 44. f5 c5 45. h5 Ne3 46. Kf4 Nd1
47. b3 Nc3 48. Bc4 Nb1 49. Ke3 Ke7 50. Kd3 Na3 51. Bd5 Kf8 52. f6 gxf6 53. exf6
1-0

[Event "SR 3. liga A2 2011/2012"]
[Site "?"]
[Date "2011.11.13"]
[Round "3.6"]
[White "Kosar, Mikulas st"]
[Black "Fidericky, Milan"]
[Result "1/2-1/2"]
[WhiteElo "1766"]
[BlackElo "1843"]
[PlyCount "92"]
[EventDate "2011.??.??"]

1. e4 e5 2. Nf3 Nf6 3. Nxe5 d6 4. Nf3 Nxe4 5. d4 d5 6. Bd3 Be7 7. O-O O-O 8.
Re1 f5 9. c4 c6 10. c5 Nd7 11. Bc2 Bf6 12. Qd3 g6 13. h3 Re8 14. Be3 Nf8 15.
Nbd2 Ne6 16. Nb3 Qc7 17. Rad1 Bd7 18. Nh2 Nf4 19. Qf1 Bg7 20. f3 Ng3 21. Qf2
Nfh5 22. Qd2 Re6 23. Nf1 Rae8 24. Nxg3 Qxg3 25. Bf2 Qb8 26. Rxe6 Rxe6 27. Re1
Qe8 28. Rxe6 Qxe6 29. Qe3 f4 30. Qxe6+ Bxe6 31. Na5 Bc8 32. b4 a6 33. a4 Ng3
34. Bd3 Kf7 35. Nb3 Nf5 36. a5 g5 37. Bc2 h6 38. Bd3 Kf6 39. Kf1 h5 40. Na1 Nh6
41. Nc2 Bf5 42. Bxf5 Kxf5 43. Bg1 Bf6 44. Bf2 g4 45. hxg4+ hxg4 46. Ke2 Nf7
1/2-1/2

[Event "SR 3. liga A2 2011/2012"]
[Site "?"]
[Date "2011.11.27"]
[Round "4.1"]
[White "Horak, Ivan"]
[Black "Hecko, Dusan"]
[Result "1-0"]
[WhiteElo "2073"]
[BlackElo "2123"]
[PlyCount "87"]
[EventDate "2011.??.??"]

1. e4 d5 2. exd5 Qxd5 3. Nc3 Qd6 4. d4 Nf6 5. Be2 a6 6. Be3 Bf5 7. Qd2 e6 8.
O-O-O Nc6 9. a3 O-O-O 10. Nf3 Be7 11. Bf4 Qd7 12. h3 h6 13. Rhe1 Bd6 14. Qe3
Bxf4 15. Qxf4 Nd5 16. Qd2 Nxc3 17. Qxc3 Qd6 18. Kb1 g5 19. Bd3 Bxd3 20. Rxd3
Rhe8 21. Red1 Qd5 22. b3 Re7 23. Kb2 Red7 24. Qd2 Qf5 25. g4 Qf6 26. Qe3 Ne7
27. Qe5 Nd5 28. Qxf6 Nxf6 29. Ne5 Re7 30. Rf3 Ne4 31. Nxf7 Rde8 32. c3 Nd6 33.
Ne5 Rh7 34. Re1 b5 35. Rf6 h5 36. Ng6 hxg4 37. hxg4 Rh2 38. a4 bxa4 39. bxa4
Kd7 40. Nf8+ Kc6 41. Nxe6 Rg2 42. Kc2 Rxg4 43. Re5 Rg2 44. Rc5+ 1-0

[Event "SR 3. liga A2 2011/2012"]
[Site "?"]
[Date "2011.11.27"]
[Round "4.1"]
[White "Jozefek, Michal"]
[Black "Kovarik, Oto"]
[Result "1-0"]
[WhiteElo "1910"]
[BlackElo "2018"]
[PlyCount "103"]
[EventDate "2011.??.??"]

1. d4 d5 2. c4 e6 3. Nc3 Be7 4. cxd5 exd5 5. Bf4 Nf6 6. e3 c6 7. Bd3 O-O 8.
Nge2 Bd6 9. Bg3 Re8 10. Qd2 a5 11. O-O b5 12. Rac1 Na6 13. f3 Bxg3 14. Nxg3 Qb6
15. Kh1 Be6 16. Nce2 Rac8 17. e4 c5 18. e5 Nd7 19. Nh5 f6 20. exf6 Nxf6 21.
Nxf6+ gxf6 22. Qh6 Qb7 23. Nf4 c4 24. Bb1 Qg7 25. Qxg7+ Kxg7 26. Nxe6+ Rxe6 27.
Bf5 Ree8 28. Bxc8 Rxc8 29. a3 b4 30. Rfe1 Rc6 31. Kg1 Nc7 32. Re7+ Kg6 33. Rd7
h6 34. Kf1 Kf5 35. Ke2 Ke6 36. Rd8 Ke7 37. Rb8 Ne6 38. Ke3 bxa3 39. bxa3 Nc7
40. Kd2 Kd7 41. g3 Ke6 42. Re1+ Kf5 43. Kc3 Kg6 44. Re7 Ne6 45. Rb5 Ng5 46. Re3
Rd6 47. Rxa5 Ne6 48. a4 Rb6 49. Rb5 Rd6 50. a5 Nd8 51. Rb6 Rd7 52. a6 1-0

[Event "SR 3. liga A2 2011/2012"]
[Site "?"]
[Date "2011.11.27"]
[Round "4.1"]
[White "Sefcik, Marek"]
[Black "Diviak, Rastislav"]
[Result "1/2-1/2"]
[WhiteElo "2016"]
[BlackElo "2020"]
[PlyCount "120"]
[EventDate "2011.??.??"]

1. Nc3 c5 2. d4 cxd4 3. Qxd4 Nc6 4. Qh4 g6 5. Bd2 Bg7 6. Nf3 Nf6 7. e3 d5 8.
Bb5 a6 9. Ba4 b5 10. Bb3 Na5 11. Qb4 Nxb3 12. axb3 Bb7 13. O-O O-O 14. Rfd1 Qc7
15. Qa5 Rac8 16. Qxc7 Rxc7 17. Ne1 Rfc8 18. Ne2 Ne4 19. Ba5 Rd7 20. f3 Nc5 21.
Bc3 Rdc7 22. Bxg7 Kxg7 23. Nf4 e6 24. Nfd3 Nd7 25. Kf2 Kf6 26. c3 Nb6 27. Nc2
Ra8 28. Ra5 Nd7 29. Rda1 h5 30. Nd4 Nc5 31. Nxc5 Rxc5 32. b4 Rc7 33. Nxb5 axb5
34. Rxa8 Bxa8 35. Rxa8 Rb7 36. Ra6 Kf5 37. Ke2 Ke5 38. Kd3 g5 39. g3 f5 40. f4+
gxf4 41. exf4+ Kf6 42. Ra8 Rh7 43. Rf8+ Kg6 44. h4 Rb7 45. Kd4 Kg7 46. Ra8 Kf6
47. Rh8 Rg7 48. Rxh5 Rxg3 49. Rh6+ Ke7 50. Kc5 Rg4 51. Rh7+ Kf6 52. Kd6 Rxf4
53. Rh6+ Kg7 54. Rxe6 d4 55. cxd4 Rxd4+ 56. Kc5 Rxh4 57. Kxb5 f4 58. Re4 Rh5+
59. Kc4 Rf5 60. b5 f3 1/2-1/2

[Event "SR 3. liga A2 2011/2012"]
[Site "?"]
[Date "2011.11.27"]
[Round "4.1"]
[White "Pericka, Tomas"]
[Black "Chabada, Tomas"]
[Result "1-0"]
[WhiteElo "2008"]
[BlackElo "1914"]
[PlyCount "61"]
[EventDate "2011.??.??"]

1. e4 e5 2. f4 Bc5 3. Nf3 d6 4. d4 exd4 5. Nxd4 Nf6 6. Nc3 O-O 7. Be3 Re8 8.
Bd3 Bg4 9. Qd2 d5 10. e5 Bxd4 11. Bxd4 Nc6 12. Bf2 Nxe5 13. fxe5 Rxe5+ 14. Be2
Bxe2 15. Nxe2 Qe7 16. Bd4 Ne4 17. Qd3 Rf5 18. O-O-O c5 19. Ng3 cxd4 20. Nxf5
Qg5+ 21. Kb1 Qxf5 22. Qxd4 Rd8 23. Rhf1 Qg5 24. c4 Qg6 25. Ka1 Nf6 26. Qxa7
Qxg2 27. cxd5 Qxh2 28. Qb6 Rd7 29. Rc1 h5 30. Rxf6 gxf6 31. Qxf6 1-0

[Event "SR 3. liga A2 2011/2012"]
[Site "?"]
[Date "2011.11.27"]
[Round "4.1"]
[White "Vach, Jozef"]
[Black "Diviak, Rudolf"]
[Result "0-1"]
[WhiteElo "1861"]
[BlackElo "1865"]
[PlyCount "124"]
[EventDate "2011.??.??"]

1. e4 e5 2. Nf3 Nc6 3. Bb5 a6 4. Ba4 Nf6 5. O-O b5 6. Bb3 Be7 7. Re1 O-O 8. c3
d6 9. h3 Na5 10. Bc2 c5 11. d4 Qc7 12. Nbd2 Re8 13. Nf1 Bd7 14. d5 Nc4 15. Ng3
Reb8 16. Bd3 Nb6 17. Bc2 a5 18. b3 c4 19. Bb2 b4 20. Qd2 Rc8 21. Rec1 cxb3 22.
Bxb3 a4 23. cxb4 Qb7 24. Bd1 Nc4 25. Qe2 Qxb4 26. Bc3 Qc5 27. Be1 Qb5 28. Rab1
Qa6 29. Rb4 Bb5 30. Bxa4 Bxa4 31. Rbxc4 Rxc4 32. Qxc4 Qxc4 33. Rxc4 Bb5 34. Rb4
Bd3 35. a4 Bd8 36. a5 g6 37. Ra4 Bc2 38. Rc4 Bd3 39. Rb4 Nd7 40. Ra4 Nc5 41.
Ra3 Rb8 42. Bd2 Rb1+ 43. Kh2 Rb3 44. Ra2 Kg7 45. Be3 Na6 46. Ne1 Bb1 47. Ra1 f5
48. exf5 gxf5 49. Bd2 f4 50. Ne2 Bh4 51. g3 fxg3+ 52. fxg3 Bf6 53. Nc3 Bg6 54.
Kg1 e4 55. Rb1 e3 56. Rxb3 exd2 57. Nf3 Bxc3 58. Nxd2 Bxd2 59. Rb7+ Kf6 60. Kf1
Bd3+ 61. Kg2 Bxa5 62. Kf3 Nc5 0-1

[Event "SR 3. liga A2 2011/2012"]
[Site "?"]
[Date "2011.11.27"]
[Round "4.1"]
[White "Hanzluvka, Peter"]
[Black "Husek, Lubomir"]
[Result "1-0"]
[WhiteElo "1987"]
[BlackElo "1768"]
[PlyCount "119"]
[EventDate "2011.??.??"]

1. e4 c5 2. Nf3 Nc6 3. d4 cxd4 4. Nxd4 e5 5. Nf3 d6 6. Bc4 Be7 7. O-O Nf6 8. c3
O-O 9. Re1 Bg4 10. Nbd2 Qc7 11. Bb3 Na5 12. Bc2 a6 13. Nf1 Rad8 14. Ne3 Bh5 15.
h3 h6 16. Nf5 Rfe8 17. g4 Bg6 18. N3h4 Bh7 19. Qf3 Bf8 20. Nxh6+ gxh6 21. Qxf6
Bg7 22. Qf3 Re6 23. Nf5 Rf6 24. Qg3 Rg6 25. Qh4 Kh8 26. Bxh6 Bf6 27. Qg3 Rdg8
28. Rad1 Bd8 29. Rd5 Re6 30. Bc1 Nc6 31. Red1 Be7 32. b3 Nb4 33. cxb4 Qxc2 34.
Nxe7 Rxe7 35. Rxd6 Re6 36. Rd7 Bxe4 37. Qh4+ Bh7 38. Bg5 Qg6 39. Be3 f5 40. f3
f4 41. Bc5 b6 42. Bd6 Rge8 43. Rb7 e4 44. Bxf4 exf3 45. Qf2 Qe4 46. Qb2+ Re5
47. Bxe5+ Rxe5 48. Rb8+ Bg8 49. Qd4 Qe2 50. Rd2 Qe1+ 51. Kh2 Kh7 52. Rb7+ Kg6
53. Rxb6+ Be6 54. Qd3+ Kg5 55. Qd8+ Kf4 56. Qf6+ Bf5 57. Rd4+ Ke3 58. Qxe5+ Kf2
59. Qxe1+ Kxe1 60. gxf5 1-0

[Event "SR 3. liga A2 2011/2012"]
[Site "?"]
[Date "2011.11.27"]
[Round "4.1"]
[White "Holly, Milan"]
[Black "Skapik, Branislav"]
[Result "1-0"]
[WhiteElo "1865"]
[BlackElo "1848"]
[PlyCount "145"]
[EventDate "2011.??.??"]

1. Nf3 d5 2. b3 Bg4 3. e3 e6 4. Be2 Nf6 5. Bb2 Nbd7 6. O-O Bd6 7. d4 O-O 8. c4
c5 9. cxd5 Nxd5 10. dxc5 Bxc5 11. a3 N7f6 12. b4 Be7 13. Qb3 Ne4 14. Rd1 Bf6
15. Ra2 Bxb2 16. Rxb2 Qf6 17. Rd4 Bf5 18. Nbd2 Nxd2 19. Rbxd2 Bg6 20. Nh4 Rac8
21. Nxg6 Qxg6 22. Bf3 Rc3 23. Qb2 Rfc8 24. Bxd5 exd5 25. Rxd5 Qf6 26. h3 Rc1+
27. Kh2 Qe7 28. Qxc1 Rxc1 29. Rd8+ Qf8 30. Rxf8+ Kxf8 31. Rd7 Ra1 32. Rxb7 Rxa3
33. b5 g6 34. Kg3 Kg7 35. b6 axb6 36. Rxb6 Ra4 37. f3 h5 38. e4 g5 39. h4 f6
40. Re6 Kf7 41. Rb6 Rc4 42. hxg5 fxg5 43. Rh6 h4+ 44. Kg4 Rc5 45. Rh5 Rc2 46.
Rxg5 Rxg2+ 47. Kxh4 Rh2+ 48. Kg4 Kf6 49. Kf4 Rh4+ 50. Rg4 Rh5 51. Rg8 Rh4+ 52.
Kg3 Rh1 53. Rd8 Ke7 54. Rd5 Ke6 55. Ra5 Rg1+ 56. Kf4 Rh1 57. Ra6+ Ke7 58. Kg5
Rg1+ 59. Kf5 Rg8 60. e5 Rf8+ 61. Ke4 Rb8 62. f4 Rb4+ 63. Kf5 Rb7 64. Ra8 Rb4
65. Ra7+ Kf8 66. Kg5 Rb5 67. Kf6 Rb6+ 68. e6 Kg8 69. Rd7 Ra6 70. f5 Ra8 71. Kg6
Kh8 72. f6 Rg8+ 73. Rg7 1-0

[Event "SR 3. liga A2 2011/2012"]
[Site "?"]
[Date "2011.11.27"]
[Round "4.1"]
[White "Nemeckay, Rastislav"]
[Black "Sladek, Michal"]
[Result "1-0"]
[WhiteElo "1808"]
[BlackElo "1000"]
[PlyCount "25"]
[EventDate "2011.??.??"]

1. e4 e5 2. Nf3 Nc6 3. Bb5 a6 4. Ba4 b5 5. Bb3 h6 6. O-O Nf6 7. c3 Nxe4 8. Re1
f5 9. d3 Nc5 10. Nxe5 Nxe5 11. Rxe5+ Be7 12. Qh5+ Kf8 13. Qf7# 1-0

[Event "SR 3. liga A2 2011/2012"]
[Site "?"]
[Date "2011.11.27"]
[Round "4.2"]
[White "Travnicek, Petr"]
[Black "Bukovsky, Milan"]
[Result "1/2-1/2"]
[WhiteElo "2127"]
[BlackElo "1984"]
[PlyCount "86"]
[EventDate "2011.??.??"]

1. d4 Nf6 2. c4 g6 3. Nc3 d5 4. cxd5 Nxd5 5. Na4 Bg7 6. e4 Nf6 7. f3 O-O 8. Be3
b6 9. Rc1 Qd7 10. Bc4 Rd8 11. Ne2 Ba6 12. Bxa6 Nxa6 13. O-O Rac8 14. Qb3 e6 15.
Rfd1 Bf8 16. Nec3 c6 17. Bg5 Be7 18. e5 Ne8 19. Bxe7 Qxe7 20. Ne4 Nb4 21. Nac3
Nd5 22. Ne2 Qb4 23. Qxb4 Nxb4 24. Rc4 c5 25. Kf2 a5 26. a3 Nc6 27. Rdc1 Kg7 28.
f4 Ne7 29. dxc5 b5 30. Rd4 Nd5 31. g3 Rc6 32. N2c3 Nec7 33. Nd6 Rb8 34. Nxd5
Nxd5 35. b4 axb4 36. axb4 Ra6 37. c6 Nc7 38. Ke2 Rbb6 39. Rd2 Rxc6 40. Rdc2
Rxc2+ 41. Rxc2 Nd5 42. Nxb5 Rb6 43. Nd6 Rxb4 1/2-1/2

[Event "SR 3. liga A2 2011/2012"]
[Site "?"]
[Date "2011.11.27"]
[Round "4.2"]
[White "Svoboda, Adam"]
[Black "Pribila, Gerhard"]
[Result "0-1"]
[WhiteElo "1967"]
[BlackElo "2036"]
[PlyCount "142"]
[EventDate "2011.??.??"]

1. e4 c5 2. Nf3 e6 3. d4 cxd4 4. Nxd4 a6 5. Be3 Bc5 6. Nc3 d6 7. Qd2 Nf6 8. Be2
O-O 9. O-O-O Qc7 10. Nb3 Bb4 11. Bf3 Nbd7 12. a3 Bxc3 13. Qxc3 Qxc3 14. bxc3
Ne8 15. g3 Ne5 16. Be2 Nc6 17. f4 e5 18. f5 b5 19. c4 bxc4 20. Bxc4 Bb7 21.
Rhe1 h6 22. Bd5 Nf6 23. Bb6 Rfc8 24. Na1 a5 25. Bf2 Kf8 26. h3 Ke7 27. Bc4 Nd4
28. Bd3 Nf3 29. Re3 Ng5 30. h4 Ngxe4 31. Be1 Nc3 32. Bxc3 Rxc3 33. Kb2 Rac8 34.
Rde1 Nd5 35. R3e2 Rb8 36. Ka2 Nf6 37. Kb2 Rc7 38. Kc1 Bd5 39. a4 Rb4 40. Bb5
Bc4 41. Re3 Bxb5 42. axb5 Rxb5 43. Ra3 Nd5 44. Kd2 Nb4 45. Ree3 Rd5+ 46. Kc1
Rdc5 47. Kd1 Nxc2 48. Nxc2 Rxc2 49. Rxa5 Rc1+ 50. Ke2 R7c2+ 51. Kf3 Rc3 52.
Ra7+ Kf6 53. g4 Rxe3+ 54. Kxe3 Rc3+ 55. Kf2 g6 56. fxg6 Kxg6 57. h5+ Kf6 58.
Ra6 Rd3 59. Ra8 Kg7 60. Re8 Rd4 61. Kf3 Rf4+ 62. Kg3 Rf6 63. Rd8 e4 64. Ra8 d5
65. Rd8 Rf3+ 66. Kg2 Rd3 67. Kf2 d4 68. Ke2 Kf6 69. Rd5 Re3+ 70. Kd2 Rg3 71.
Rxd4 Rd3+ 0-1